logo

Bir Sreshtho Munshi Abdur Rouf Library
Jhenaidah Cadet College

কিশোর উপন্যাস ইতালীর জনক গ্যালিবল্ডি / (Record no. 13020)

MARC details
000 -LEADER
fixed length control field 00793nam a2200217 a 4500
001 - CONTROL NUMBER
JCCL Control Number 13020
003 - CONTROL NUMBER IDENTIFIER
JCCL marc code BD-JhCC
005 - DATE AND TIME OF LATEST TRANSACTION
control field 20230614081322.0
008 - FIXED-LENGTH DATA ELEMENTS--GENERAL INFORMATION
fixed length control field 230614s2018 bg |||| |||| 000 0 ben d
020 ## - INTERNATIONAL STANDARD BOOK NUMBER
International Standard Book Number 9789849248545
035 ## - SYSTEM CONTROL NUMBER
system control number (BD-JhCC)13020
040 ## - CATALOGING SOURCE
Original cataloging agency BD-JhCC
Modifying agency BD-JhCC
041 ## - LANGUAGE CODE
Language code of Book ben
082 ## - DEWEY DECIMAL CLASSIFICATION NUMBER
Classification number 891.443
Author mark and Year ALI 2018
100 ## - MAIN ENTRY--PERSONAL NAME
Personal name আলী, মোহাম্মদ নাসির
245 ## - TITLE STATEMENT
Title কিশোর উপন্যাস ইতালীর জনক গ্যালিবল্ডি /
Statement of responsibility, etc মোহাম্মদ নাসির আলী
260 ## - PUBLICATION, DISTRIBUTION, ETC. (IMPRINT)
Place of publication, distribution, etc ঢাকা :
Name of publisher, distributor, etc ডাংগুলি,
Date of publication, distribution, etc ২০১৮
300 ## - PHYSICAL DESCRIPTION
Pagination ৯৫ পৃ. :
Other physical details চিত্রাবলী সংযোজিত,
Dimensions ২০ সে.মি.
650 ## - SUBJECT ADDED ENTRY--TOPICAL TERM
Topical term or geographic name as entry element Bengali Novel
942 ## - ADDED ENTRY ELEMENTS (KOHA)
Source of classification or shelving scheme Dewey Decimal Classification
Koha item type Books
Holdings
Source of classification or shelving scheme Damaged status Not for loan Home library Current library Shelving location Date of accession Source of acquisition Cost, normal purchase price Total Checkouts Full call number Barcode Date last seen Date checked out Copy number Method of acquisition Koha item type Currency
Dewey Decimal Classification     JCC Rouf Library JCC Rouf Library General Stacks 06/14/2023 জাতীয় গ্রন্থকেন্দ্র 160.00 1 891.443 ALI 2018 17831 02/28/2024 02/08/2024 C-1 Purchase Books BDT

JCC Library | Contacts | JCC Home

Last Update on 23 September 2017
Copyright @ 2017-2020 JCC Rouf Library
Rouf Library, Jhenidah Cadet College (JCC), Bangladesh